| 000 | 01177nam a2200493Ia 4500 | ||
|---|---|---|---|
| 001 | 9542 | ||
| 005 | 20240113234214.0 | ||
| 007 | ta | ||
| 008 | 050726s1972 a g b000 u asm u | ||
| 020 | _cRs. 07.00 (Hard) | ||
| 040 | _aCotton College Assam | ||
| 041 | _aasm | ||
| 082 |
_a942 _bR 137 En |
||
| 082 |
_a942.05 _bR 137 En |
||
| 100 | _aRajkhowa, Suresh Chandra . | ||
| 245 | 0 |
_aEnglandar Itihash / _cSuresh Chandra Rajkhowa. _hTextual Documents |
|
| 250 | _a1st ed. / | ||
| 260 |
_aGuwahati : _bGauhati University , _c1972. |
||
| 300 |
_a263p. : _bill. ; _c22cm. . |
||
| 365 | _aRs. 07.00 | ||
| 653 | _aHistory-England | ||
| 653 | _aHistory-England | ||
| 653 | _aG-History | ||
| 653 | _aT/G-History | ||
| 653 | _aT/G-History | ||
| 653 | _aT/G-English | ||
| 653 | _aT/G-History | ||
| 942 |
_2ddc _cBK |
||
| 999 |
_c9529 _d9529 |
||